| 000 | 00408nam a2200169Ia 4500 | ||
|---|---|---|---|
| 001 | 6589 | ||
| 003 | IN-NITTTR | ||
| 005 | 20251114233020.0 | ||
| 008 | 251113s9999||||xx |||||||||||||| ||eng|| | ||
| 040 | _beng | ||
| 040 | _cIN-NITTTR | ||
| 041 | _aeng | ||
| 082 | _a294.5924 S59 S | ||
| 100 | _aSanyal, J. M. | ||
| 245 | 4 |
_aThe Srimad-bhagvatam of kKishna-Dwaipayana vyasa / _cSanyal, J. M. |
|
| 942 |
_2ddc _cBK |
||
| 999 |
_c9227 _d9227 |
||